000
00229 a2200097 4500
001
45424
100
_a
Bradley I
245
_a
The stranger rebirth of lib Britain
260
_a
London
_b
Chatto & windus
_c
090
_c
28588
_d
28588
942
_a
NUST-CAE
_c
M
_c
20655
999
_c
280497
_d
280497